Top 10 Languages of Every Country - Statistics

General Stats
  • This quiz has been taken 1,168 times
  • The average score is 963 of 1820
Answer Stats
Country Language % % Correct
Andorra English 2%
99%
Antigua and Barbuda English 10%
99%
Argentina English <1%
99%
Armenia English <1%
99%
Australia English 76%
99%
Bahamas English 14%
99%
Bahrain English 1%
99%
Barbados English 2%
99%
Belize English 53%
99%
Botswana English 3%
99%
Brunei English 3%
99%
Burundi English <1%
99%
Canada English 58%
99%
Chile English <1%
99%
Costa Rica English <1%
99%
Cuba English <1%
99%
Cyprus English 4%
99%
Czechia English <1%
99%
Denmark English <1%
99%
Dominica English 7%
99%
Dominican Republic English <1%
99%
El Salvador English <1%
99%
Estonia English <1%
99%
Eswatini English 1%
99%
Fiji English 1%
99%
Finland English <1%
99%
Grenada English 1%
99%
Guyana English 4%
99%
Haiti English <1%
99%
Honduras English <1%
99%
Iceland English <1%
99%
Ireland English 95%
99%
Israel English 1%
99%
Jamaica English 2%
99%
Japan English <1%
99%
Kiribati English 2%
99%
Kuwait English 1%
99%
Lebanon English <1%
99%
Lesotho English <1%
99%
Liechtenstein English <1%
99%
Luxembourg English 4%
99%
Malaysia English 2%
99%
Malta English 10%
99%
Marshall Islands English 1%
99%
Mauritius English <1%
99%
Mexico English <1%
99%
Micronesia English 1%
99%
Monaco English 8%
99%
Namibia English 2%
99%
Nauru English 2%
99%
New Zealand English 86%
99%
Nigeria English 7%
99%
Norway English <1%
99%
Palau English 19%
99%
Papua New Guinea English 2%
99%
Poland English <1%
99%
Portugal English <1%
99%
Rwanda English <1%
99%
Saint Kitts and Nevis English 2%
99%
Saint Lucia English 1%
99%
Saint Vincent and the Grenadines English 1%
99%
Samoa English 10%
99%
São Tomé and Príncipe English 5%
99%
Seychelles English 8%
99%
Singapore English 37%
99%
South Africa English 9%
99%
South Korea English <1%
99%
Spain English 1%
99%
Sri Lanka English <1%
99%
Switzerland English 7%
99%
Tonga English 1%
99%
Trinidad and Tobago English 4%
99%
Tunisia English <1%
99%
Tuvalu English 1%
99%
United Kingdom English 90%
99%
United States English 83%
99%
Zimbabwe English 2%
99%
Andorra Spanish 43%
99%
Antigua and Barbuda Spanish 7%
99%
Argentina Spanish 96%
99%
Australia Spanish 1%
99%
Belgium Spanish 1%
99%
Belize Spanish 45%
99%
Bolivia Spanish 68%
99%
Brazil Spanish <1%
99%
Canada Spanish 2%
99%
Chile Spanish 98%
99%
Colombia Spanish 98%
99%
Costa Rica Spanish 98%
99%
Cuba Spanish 99%
99%
Dominican Republic Spanish 94%
99%
Ecuador Spanish 93%
99%
El Salvador Spanish 100%
99%
France Spanish 1%
99%
Guatemala Spanish 70%
99%
Haiti Spanish <1%
99%
Honduras Spanish 93%
99%
Ireland Spanish 1%
99%
Israel Spanish 2%
99%
Jamaica Spanish <1%
99%
Japan Spanish <1%
99%
Lebanon Spanish <1%
99%
Liechtenstein Spanish 1%
99%
Luxembourg Spanish 1%
99%
Malta Spanish 1%
99%
Mexico Spanish 97%
99%
Morocco Spanish <1%
99%
Nicaragua Spanish 98%
99%
Panama Spanish 89%
99%
Paraguay Spanish 62%
99%
Peru Spanish 82%
99%
Saint Vincent and the Grenadines Spanish <1%
99%
San Marino Spanish <1%
99%
Spain Spanish 91%
99%
Sweden Spanish 1%
99%
Switzerland Spanish 3%
99%
Trinidad and Tobago Spanish <1%
99%
United Kingdom Spanish <1%
99%
United States Spanish 13%
99%
Uruguay Spanish 98%
99%
Venezuela Spanish 99%
99%
Algeria French <1%
98%
Andorra French 9%
98%
Belgium French 38%
98%
Burundi French <1%
98%
Canada French 21%
98%
Comoros French <1%
98%
Cuba French <1%
98%
Democratic Republic of the Congo French 11%
98%
Djibouti French 2%
98%
El Salvador French <1%
98%
Estonia French <1%
98%
France French 94%
98%
Gabon French 4%
98%
Greece French <1%
98%
Haiti French <1%
98%
Ireland French 1%
98%
Lebanon French <1%
98%
Liechtenstein French <1%
98%
Luxembourg French 15%
98%
Malta French 1%
98%
Mauritania French <1%
98%
Mauritius French 4%
98%
Monaco French 59%
98%
Morocco French <1%
98%
New Zealand French 1%
98%
North Korea French <1%
98%
Poland French <1%
98%
Portugal French <1%
98%
Rwanda French <1%
98%
São Tomé and Príncipe French 6%
98%
Seychelles French <1%
98%
Switzerland French 23%
98%
United States French <1%
98%
Uruguay French 1%
98%
Vanuatu French 3%
98%
Vatican City French 3%
98%
Algeria Algerian Arabic 69%
97%
Egypt Algerian Arabic 2%
97%
France Algerian Arabic 2%
97%
Tunisia Algerian Arabic 2%
97%
Algeria Algerian Saharan Arabic <1%
97%
Tunisia Algerian Saharan Arabic 1%
97%
Australia Arabic 2%
97%
Canada Arabic 2%
97%
Costa Rica Arabic <1%
97%
Cuba Arabic <1%
97%
Denmark Arabic 1%
97%
El Salvador Arabic <1%
97%
Finland Arabic <1%
97%
Haiti Arabic <1%
97%
Honduras Arabic <1%
97%
Luxembourg Arabic 1%
97%
Malta Arabic 2%
97%
Nicaragua Arabic <1%
97%
Panama Arabic <1%
97%
Portugal Arabic <1%
97%
Saint Vincent and the Grenadines Arabic <1%
97%
San Marino Arabic <1%
97%
Sweden Arabic 1%
97%
United Kingdom Arabic <1%
97%
United States Arabic <1%
97%
Venezuela Arabic <1%
97%
Bahrain Baharna Arabic 57%
97%
Chad Chadian Arabic 10%
97%
Cyprus Cypriot Arabic 1%
97%
Oman Dhofari Arabic 3%
97%
Egypt Eastern Egyptian Bedawi Arabic 1%
97%
Jordan Eastern Egyptian Bedawi Arabic 10%
97%
Palestine Eastern Egyptian Bedawi Arabic <1%
97%
Syria Eastern Egyptian Bedawi Arabic <1%
97%
Tunisia Eastern Egyptian Bedawi Arabic <1%
97%
Egypt Egyptian Arabic 66%
97%
Iraq Egyptian Arabic 1%
97%
Kuwait Egyptian Arabic 14%
97%
Lebanon Egyptian Arabic 2%
97%
Libya Egyptian Arabic 9%
97%
Oman Egyptian Arabic 1%
97%
Palestine Egyptian Arabic 1%
97%
Qatar Egyptian Arabic 2%
97%
Saudi Arabia Egyptian Arabic 1%
97%
Syria Egyptian Arabic <1%
97%
Bahrain Gulf Arabic 14%
97%
Egypt Gulf Arabic 2%
97%
Kuwait Gulf Arabic 51%
97%
Oman Gulf Arabic 16%
97%
Qatar Gulf Arabic 28%
97%
Saudi Arabia Gulf Arabic 2%
97%
United Arab Emirates Gulf Arabic 39%
97%
Yemen Hadrami Arabic 15%
97%
Eritrea Hijazi Arabic <1%
97%
Saudi Arabia Hijazi Arabic 54%
97%
United Arab Emirates Hijazi Arabic 4%
97%
South Sudan Juba Arabic 4%
97%
Israel Judeo-Iraqi Arabic 1%
97%
Israel Judeo-Moroccan Arabic 3%
97%
Morocco Judeo-Moroccan Arabic <1%
97%
Antigua and Barbuda Levantine Arabic <1%
97%
Argentina Levantine Arabic 2%
97%
Dominican Republic Levantine Arabic <1%
97%
Germany Levantine Arabic 1%
97%
Israel Levantine Arabic 22%
97%
Jamaica Levantine Arabic <1%
97%
Jordan Levantine Arabic 52%
97%
Kuwait Levantine Arabic 10%
97%
Lebanon Levantine Arabic 94%
97%
Libya Levantine Arabic 1%
97%
Palestine Levantine Arabic 80%
97%
Qatar Levantine Arabic 33%
97%
Saudi Arabia Levantine Arabic 1%
97%
Syria Levantine Arabic 77%
97%
Trinidad and Tobago Levantine Arabic <1%
97%
Turkey Levantine Arabic 1%
97%
United Arab Emirates Levantine Arabic 7%
97%
Egypt Libyan Arabic <1%
97%
Libya Libyan Arabic 52%
97%
Tunisia Libyan Arabic 2%
97%
Iran Mesopotamian Arabic 2%
97%
Iraq Mesopotamian Arabic 37%
97%
Jordan Mesopotamian Arabic 7%
97%
Lebanon Mesopotamian Arabic <1%
97%
Andorra Moroccan Arabic 1%
97%
Belgium Moroccan Arabic 1%
97%
Egypt Moroccan Arabic 2%
97%
France Moroccan Arabic 2%
97%
Libya Moroccan Arabic 4%
97%
Morocco Moroccan Arabic 65%
97%
Netherlands Moroccan Arabic 2%
97%
Spain Moroccan Arabic 2%
97%
Iraq Najdi Arabic 4%
97%
Jordan Najdi Arabic 1%
97%
Kuwait Najdi Arabic 9%
97%
Qatar Najdi Arabic 2%
97%
Saudi Arabia Najdi Arabic 32%
97%
Syria Najdi Arabic 7%
97%
Iraq North Mesopotamian Arabic 21%
97%
Jordan North Mesopotamian Arabic 3%
97%
Syria North Mesopotamian Arabic 2%
97%
Turkey North Mesopotamian Arabic 1%
97%
Djibouti Omani Arabic 8%
97%
Oman Omani Arabic 44%
97%
United Arab Emirates Omani Arabic 3%
97%
Yemen Omani Arabic <1%
97%
Egypt Sa'idi Arabic 24%
97%
Egypt Sudanese Arabic 2%
97%
Libya Sudanese Arabic 4%
97%
South Sudan Sudanese Arabic 9%
97%
Sudan Sudanese Arabic 73%
97%
Yemen Sudanese Arabic 1%
97%
Djibouti Ta'izzi-Adeni Arabic 8%
97%
Libya Ta'izzi-Adeni Arabic 2%
97%
Saudi Arabia Ta'izzi-Adeni Arabic 2%
97%
Somalia Ta'izzi-Adeni Arabic <1%
97%
Yemen Ta'izzi-Adeni Arabic 32%
97%
France Tunisian Arabic 1%
97%
Libya Tunisian Arabic 3%
97%
Tunisia Tunisian Arabic 96%
97%
Andorra Portuguese 17%
96%
Angola Portuguese 39%
96%
Antigua and Barbuda Portuguese 1%
96%
Bolivia Portuguese <1%
96%
Brazil Portuguese 96%
96%
Cape Verde Portuguese 4%
96%
France Portuguese 2%
96%
Iceland Portuguese <1%
96%
Ireland Portuguese <1%
96%
Jamaica Portuguese <1%
96%
Liechtenstein Portuguese 1%
96%
Luxembourg Portuguese 15%
96%
Monaco Portuguese 2%
96%
Mozambique Portuguese 11%
96%
Paraguay Portuguese 3%
96%
Portugal Portuguese 97%
96%
San Marino Portuguese <1%
96%
São Tomé and Príncipe Portuguese 33%
96%
Switzerland Portuguese 4%
96%
Trinidad and Tobago Portuguese <1%
96%
United Kingdom Portuguese <1%
96%
United States Portuguese <1%
96%
Uruguay Portuguese 1%
96%
Venezuela Portuguese 1%
96%
Argentina Standard German 1%
96%
Austria Standard German 2%
96%
Canada Standard German 1%
96%
Chile Standard German <1%
96%
Croatia Standard German <1%
96%
Czechia Standard German <1%
96%
Denmark Standard German 1%
96%
Germany Standard German 87%
96%
Hungary Standard German <1%
96%
Iceland Standard German <1%
96%
Ireland Standard German 1%
96%
Israel Standard German 3%
96%
Malta Standard German 2%
96%
Norway Standard German <1%
96%
Paraguay Standard German 1%
96%
Romania Standard German <1%
96%
Slovakia Standard German <1%
96%
Slovenia Standard German <1%
96%
Uruguay Standard German 1%
96%
Vatican City Standard German 2%
96%
France Swiss German 1%
96%
Liechtenstein Swiss German 95%
96%
Monaco Swiss German 3%
96%
Vatican City Swiss German 8%
96%
Albania Italian <1%
95%
Andorra Italian 1%
95%
Argentina Italian 3%
95%
Australia Italian 1%
95%
Belgium Italian 1%
95%
Bosnia and Herzegovina Italian <1%
95%
Brazil Italian <1%
95%
Canada Italian 1%
95%
Chile Italian <1%
95%
Croatia Italian <1%
95%
El Salvador Italian <1%
95%
France Italian 1%
95%
Germany Italian 1%
95%
Italy Italian 59%
95%
Liechtenstein Italian 2%
95%
Luxembourg Italian 4%
95%
Malta Italian 3%
95%
Monaco Italian 19%
95%
San Marino Italian 96%
95%
Slovenia Italian <1%
95%
Spain Italian <1%
95%
Switzerland Italian 8%
95%
Uruguay Italian 3%
95%
Vatican City Italian 85%
95%
Armenia Russian 1%
95%
Austria Russian <1%
95%
Azerbaijan Russian 1%
95%
Belarus Russian 43%
95%
Bulgaria Russian <1%
95%
Cyprus Russian 2%
95%
Czechia Russian 1%
95%
Estonia Russian 28%
95%
Finland Russian 1%
95%
Georgia Russian 1%
95%
Greece Russian 1%
95%
Hungary Russian <1%
95%
Ireland Russian <1%
95%
Israel Russian 11%
95%
Kazakhstan Russian 23%
95%
Kyrgyzstan Russian 9%
95%
Latvia Russian 35%
95%
Lithuania Russian 7%
95%
Luxembourg Russian 1%
95%
Moldova Russian 4%
95%
Monaco Russian 3%
95%
Mongolia Russian <1%
95%
Montenegro Russian 2%
95%
North Korea Russian <1%
95%
North Macedonia Russian <1%
95%
Poland Russian <1%
95%
Romania Russian <1%
95%
Russia Russian 82%
95%
San Marino Russian <1%
95%
Slovakia Russian <1%
95%
Tajikistan Russian 1%
95%
Turkmenistan Russian 12%
95%
Ukraine Russian 30%
95%
United States Russian <1%
95%
Uruguay Russian <1%
95%
Uzbekistan Russian 13%
95%
Andorra Standard German 1%
95%
Brazil Standard German 1%
95%
Ecuador Standard German 1%
95%
El Salvador Standard German <1%
95%
Estonia Standard German <1%
95%
Lithuania Standard German <1%
95%
Luxembourg Standard German 3%
95%
Monaco Standard German 2%
95%
New Zealand Standard German 1%
95%
Poland Standard German <1%
95%
Switzerland Standard German 11%
95%
Trinidad and Tobago Standard German <1%
95%
Austria Swiss German 4%
95%
Switzerland Swiss German 56%
95%
Saudi Arabia Sanaani Arabic 1%
94%
Yemen Sanaani Arabic 37%
94%
Belgium Dutch 55%
93%
Luxembourg Dutch 1%
93%
Monaco Dutch 3%
93%
Netherlands Dutch 76%
93%
Suriname Dutch 48%
93%
Fiji Fiji Hindi 34%
93%
Andorra Hindi 1%
93%
Australia Hindi 1%
93%
Barbados Hindi <1%
93%
Cuba Hindi <1%
93%
Cyprus Hindi <1%
93%
Djibouti Hindi <1%
93%
Dominica Hindi <1%
93%
Grenada Hindi <1%
93%
India Hindi 27%
93%
Jamaica Hindi <1%
93%
Lesotho Hindi <1%
93%
Maldives Hindi 1%
93%
Mauritius Hindi 1%
93%
New Zealand Hindi 1%
93%
Saint Kitts and Nevis Hindi <1%
93%
Saint Lucia Hindi <1%
93%
Saint Vincent and the Grenadines Hindi 1%
93%
Seychelles Hindi 2%
93%
Singapore Hindi 1%
93%
Sri Lanka Hindi <1%
93%
Yemen Hindi 1%
93%
Serbia Romano-Serbian 1%
93%
Albania Greek 1%
92%
Australia Greek 1%
92%
Bosnia and Herzegovina Greek <1%
92%
Bulgaria Greek <1%
92%
Chile Greek <1%
92%
Cuba Greek <1%
92%
Cyprus Greek 81%
92%
Djibouti Greek <1%
92%
Greece Greek 97%
92%
Kazakhstan Greek <1%
92%
Uruguay Greek <1%
92%
Brazil Japanese <1%
92%
Dominica Japanese <1%
92%
Dominican Republic Japanese <1%
92%
Japan Japanese 99%
92%
Marshall Islands Japanese <1%
92%
Palau Japanese 1%
92%
South Korea Japanese <1%
92%
Finland Swedish 5%
91%
Norway Swedish 1%
91%
Sweden Swedish 96%
91%
Turkey Balkan Gagauz Turkish 1%
90%
Mali Koyraboro Senni Songhay 3%
90%
Liberia Maan 7%
90%
Austria Polish <1%
90%
Belarus Polish <1%
90%
Czechia Polish <1%
90%
Denmark Polish 1%
90%
Germany Polish 1%
90%
Iceland Polish 3%
90%
Ireland Polish 3%
90%
Latvia Polish <1%
90%
Lithuania Polish 5%
90%
Moldova Polish <1%
90%
Norway Polish 2%
90%
Poland Polish 98%
90%
San Marino Polish <1%
90%
Slovakia Polish <1%
90%
Sweden Polish 1%
90%
United Kingdom Polish 1%
90%
Albania Turkish <1%
90%
Austria Turkish 2%
90%
Azerbaijan Turkish <1%
90%
Belgium Turkish 1%
90%
Bosnia and Herzegovina Turkish <1%
90%
Bulgaria Turkish 9%
90%
Denmark Turkish 1%
90%
El Salvador Turkish <1%
90%
Germany Turkish 2%
90%
Kazakhstan Turkish 1%
90%
Kosovo Turkish 1%
90%
Kyrgyzstan Turkish <1%
90%
Liechtenstein Turkish 1%
90%
Montenegro Turkish <1%
90%
Netherlands Turkish 2%
90%
North Macedonia Turkish 4%
90%
Romania Turkish <1%
90%
Serbia Turkish 1%
90%
Turkey Turkish 85%
90%
Uzbekistan Turkish <1%
90%
Liechtenstein Albanian 1%
89%
Montenegro Albanian 6%
89%
North Macedonia Albanian 26%
89%
San Marino Albanian <1%
89%
Switzerland Albanian 3%
89%
Greece Arvanitika Albanian <1%
89%
Estonia Finnish <1%
89%
Finland Finnish 96%
89%
Sweden Finnish 2%
89%
Albania Gheg Albanian 43%
89%
Kosovo Gheg Albanian 94%
89%
Serbia Gheg Albanian 2%
89%
Slovenia Gheg Albanian <1%
89%
Brunei Korean 8%
89%
Japan Korean 1%
89%
North Korea Korean 100%
89%
Paraguay Korean <1%
89%
South Korea Korean 96%
89%
United States Korean <1%
89%
Uzbekistan Korean 1%
89%
Austria Serbian 2%
89%
Croatia Serbian 1%
89%
Montenegro Serbian 45%
89%
North Macedonia Serbian 1%
89%
Liechtenstein Serbo-Croatian 1%
89%
Sweden Serbo-Croatian 1%
89%
Switzerland Serbo-Croatian 2%
89%
Albania Tosk Albanian 56%
89%
Croatia Tosk Albanian <1%
89%
Sweden Tosk Albanian 1%
89%
Austria Croatian 2%
88%
Bosnia and Herzegovina Croatian 15%
88%
Croatia Croatian 95%
88%
Germany Croatian <1%
88%
Hungary Croatian <1%
88%
Kosovo Croatian <1%
88%
Montenegro Croatian <1%
88%
North Macedonia Croatian <1%
88%
Slovakia Croatian <1%
88%
Slovenia Croatian 4%
88%
Afghanistan Dari 26%
88%
Bahrain Iranian Persian 11%
88%
Iran Iranian Persian 59%
88%
Iraq Iranian Persian 1%
88%
Kuwait Iranian Persian 2%
88%
Qatar Iranian Persian 10%
88%
Sweden Iranian Persian 1%
88%
Tajikistan Iranian Persian 1%
88%
Turkey Iranian Persian 1%
88%
United Arab Emirates Iranian Persian 3%
88%
Thailand Northeastern Thai 25%
88%
Thailand Northern Thai 10%
88%
Laos Phu Thai 3%
88%
Thailand Phu Thai 1%
88%
Bosnia and Herzegovina Serbian 31%
88%
Hungary Serbian <1%
88%
Kosovo Serbian 3%
88%
Serbia Serbian 87%
88%
Slovenia Serbian 3%
88%
Thailand Southern Thai 8%
88%
Vietnam Tai Dam 1%
88%
Laos Tai Dón 4%
88%
Iceland Thai <1%
88%
South Korea Thai <1%
88%
Taiwan Thai <1%
88%
Thailand Thai 34%
88%
Bulgaria Balkan Romani 4%
87%
Greece Balkan Romani <1%
87%
Moldova Balkan Romani <1%
87%
Serbia Balkan Romani 1%
87%
Latvia Baltic Romani <1%
87%
Lithuania Baltic Romani <1%
87%
Slovakia Carpathian Romani 2%
87%
Slovenia Carpathian Romani <1%
87%
Ivory Coast Dan 6%
87%
Liberia Dan 5%
87%
Austria Hungarian <1%
87%
Croatia Hungarian <1%
87%
Czechia Hungarian <1%
87%
Hungary Hungarian 98%
87%
Romania Hungarian 6%
87%
Serbia Hungarian 3%
87%
Slovakia Hungarian 9%
87%
Slovenia Hungarian <1%
87%
Ukraine Hungarian <1%
87%
Solomon Islands Lau 4%
87%
Armenia Romanian <1%
87%
Bulgaria Romanian <1%
87%
Cyprus Romanian 3%
87%
Denmark Romanian <1%
87%
Germany Romanian 1%
87%
Greece Romanian 1%
87%
Hungary Romanian <1%
87%
Ireland Romanian 1%
87%
Israel Romanian 3%
87%
Italy Romanian 1%
87%
Moldova Romanian 81%
87%
Portugal Romanian <1%
87%
Romania Romanian 92%
87%
San Marino Romanian 1%
87%
Spain Romanian 1%
87%
Ukraine Romanian 1%
87%
United Kingdom Romanian 1%
87%
Belarus Romany <1%
87%
Czechia Romany <1%
87%
Kosovo Romany <1%
87%
Montenegro Romany 1%
87%
Nicaragua Romany <1%
87%
North Macedonia Romany 2%
87%
Poland Romany <1%
87%
Romania Romany 1%
87%
Ukraine Romany <1%
87%
Croatia Sinte Romani <1%
87%
Serbia Sinte Romani <1%
87%
Czechia Slovak 2%
87%
Armenia Ukrainian <1%
87%
Belarus Ukrainian 1%
87%
Bosnia and Herzegovina Ukrainian <1%
87%
Czechia Ukrainian 1%
87%
Estonia Ukrainian 1%
87%
Hungary Ukrainian <1%
87%
Latvia Ukrainian <1%
87%
Lithuania Ukrainian <1%
87%
Moldova Ukrainian 3%
87%
Montenegro Ukrainian <1%
87%
Poland Ukrainian <1%
87%
Portugal Ukrainian <1%
87%
Romania Ukrainian <1%
87%
Russia Ukrainian 1%
87%
San Marino Ukrainian 1%
87%
Slovakia Ukrainian <1%
87%
Turkmenistan Ukrainian <1%
87%
Ukraine Ukrainian 68%
87%
Albania Vlax Romani <1%
87%
Argentina Vlax Romani <1%
87%
Bosnia and Herzegovina Vlax Romani <1%
87%
Hungary Vlax Romani 1%
87%
Bulgaria Czech <1%
86%
Croatia Czech <1%
86%
Czechia Czech 88%
86%
Serbia Czech <1%
86%
Slovakia Czech 1%
86%
Iceland Latvian <1%
86%
Australia Mandarin Chinese 3%
86%
Brunei Mandarin Chinese 4%
86%
Canada Mandarin Chinese 2%
86%
China Mandarin Chinese 64%
86%
Mongolia Mandarin Chinese 2%
86%
Myanmar Mandarin Chinese 2%
86%
New Zealand Mandarin Chinese 1%
86%
Samoa Mandarin Chinese <1%
86%
Singapore Mandarin Chinese 35%
86%
South Korea Mandarin Chinese 2%
86%
Taiwan Mandarin Chinese 20%
86%
Vietnam Mandarin Chinese 2%
86%
Myanmar Mon 2%
86%
Norway Norwegian 98%
86%
Hungary Slovak <1%
86%
Serbia Slovak 1%
86%
Slovakia Slovak 88%
86%
Estonia Standard Latvian <1%
86%
Latvia Standard Latvian 72%
86%
Lithuania Standard Latvian <1%
86%
Liberia Vai 4%
86%
Armenia Armenian 98%
85%
Azerbaijan Armenian 1%
85%
Russia Armenian <1%
85%
Denmark Danish 98%
85%
Iceland Danish <1%
85%
Sweden Danish 1%
85%
Iceland Lithuanian <1%
85%
Ireland Lithuanian 1%
85%
Latvia Lithuanian <1%
85%
Lithuania Lithuanian 76%
85%
Norway Lithuanian 1%
85%
Latvia Standard Estonian <1%
85%
Belarus Western Armenian <1%
85%
Bulgaria Western Armenian <1%
85%
Georgia Western Armenian <1%
85%
Honduras Western Armenian <1%
85%
Jordan Western Armenian <1%
85%
Lebanon Western Armenian 5%
85%
Palestine Western Armenian <1%
85%
Syria Western Armenian <1%
85%
Turkmenistan Western Armenian 1%
85%
Ukraine Western Armenian <1%
85%
Uruguay Western Armenian <1%
85%
Albania Bulgarian <1%
84%
Bosnia and Herzegovina Bulgarian <1%
84%
Bulgaria Bulgarian 85%
84%
Cyprus Bulgarian 2%
84%
Greece Bulgarian 1%
84%
Moldova Bulgarian 1%
84%
North Macedonia Bulgarian <1%
84%
Turkey Bulgarian <1%
84%
Ukraine Bulgarian <1%
84%
Israel Hebrew 53%
84%
Palestine Hebrew 14%
84%
Croatia Slovene <1%
84%
Slovenia Slovene 94%
84%
Estonia Standard Estonian 62%
84%
Finland Standard Estonian 1%
84%
Australia Vietnamese 1%
84%
Cambodia Vietnamese <1%
84%
Cyprus Vietnamese 1%
84%
Czechia Vietnamese 1%
84%
South Korea Vietnamese <1%
84%
Taiwan Vietnamese 1%
84%
United States Vietnamese <1%
84%
Vietnam Vietnamese 85%
84%
Albania Bosnian <1%
83%
Austria Bosnian <1%
83%
Bosnia and Herzegovina Bosnian 53%
83%
Croatia Bosnian <1%
83%
Denmark Bosnian <1%
83%
Kosovo Bosnian 2%
83%
Montenegro Bosnian 8%
83%
North Macedonia Bosnian 1%
83%
Serbia Bosnian 2%
83%
Slovenia Bosnian 2%
83%
Malaysia Kedah Malay 10%
83%
Indonesia Malay 5%
83%
Malaysia Malay 42%
83%
Singapore Malay 11%
83%
Malaysia Negeri Sembilan Malay 1%
83%
Thailand Pattani Malay 2%
83%
Sri Lanka Sri Lankan Malay Creole <1%
83%
Bahrain Tagalog 3%
83%
Canada Tagalog 2%
83%
Cyprus Tagalog 1%
83%
Iceland Tagalog <1%
83%
Kuwait Tagalog 6%
83%
Marshall Islands Tagalog 1%
83%
New Zealand Tagalog 1%
83%
Norway Tagalog <1%
83%
Oman Tagalog 2%
83%
Palau Tagalog 10%
83%
Philippines Tagalog 40%
83%
Qatar Tagalog 4%
83%
San Marino Tagalog <1%
83%
Saudi Arabia Tagalog 2%
83%
South Korea Tagalog <1%
83%
Taiwan Tagalog 1%
83%
United States Tagalog 1%
83%
Belarus Belarusian 55%
82%
Estonia Belarusian <1%
82%
Lithuania Belarusian <1%
82%
Moldova Belarusian <1%
82%
Poland Belarusian <1%
82%
Ukraine Belarusian <1%
82%
Bangladesh Bengali 80%
82%
India Bengali 8%
82%
Mauritius Bengali 1%
82%
Oman Bengali 4%
82%
Sri Lanka Bengali <1%
82%
United Arab Emirates Bengali 4%
82%
United Kingdom Bengali <1%
82%
Armenia Georgian <1%
82%
Belarus Georgian <1%
82%
Georgia Georgian 88%
82%
Greece Georgian <1%
82%
Tanzania Ha 3%
82%
Laos Hmong Daw 3%
82%
Vietnam Hmong Daw 1%
82%
Laos Hmong Njua 2%
82%
Belarus Azerbaijani <1%
81%
Iceland Icelandic 93%
81%
Ireland Irish 3%
81%
Kazakhstan Kazakh 60%
81%
Kyrgyzstan Kazakh <1%
81%
Mongolia Kazakh 4%
81%
Turkmenistan Kazakh 2%
81%
Uzbekistan Kazakh 3%
81%
Cambodia Khmer 97%
81%
South Korea Khmer <1%
81%
Vietnam Khmer 1%
81%
Cambodia Lao <1%
81%
Laos Lao 50%
81%
Vietnam Muong 1%
81%
Armenia North Azerbaijani <1%
81%
Azerbaijan North Azerbaijani 89%
81%
Georgia North Azerbaijani 6%
81%
Kazakhstan North Azerbaijani <1%
81%
Turkmenistan North Azerbaijani 1%
81%
Thailand Northern Khmer 2%
81%
Laos Phuan 2%
81%
Azerbaijan South Azerbaijani 3%
81%
Iran South Azerbaijani 13%
81%
Iraq South Azerbaijani 6%
81%
Turkey South Azerbaijani 1%
81%
Kazakhstan Northern Uzbek 3%
80%
Kyrgyzstan Northern Uzbek 14%
80%
South Korea Northern Uzbek <1%
80%
Tajikistan Northern Uzbek 12%
80%
Turkmenistan Northern Uzbek 9%
80%
Uzbekistan Northern Uzbek 72%
80%
Afghanistan Southern Uzbek 10%
80%
South Korea Halh Mongolian <1%
79%
Bhutan Nepali 12%
79%
Nepal Nepali 47%
79%
Kyrgyzstan Tajik 1%
79%
Tajikistan Tajik 83%
79%
Uzbekistan Tajik 4%
79%
Bahrain Urdu 4%
79%
Bangladesh Urdu <1%
79%
India Urdu 4%
79%
Nepal Urdu 1%
79%
Norway Urdu <1%
79%
Oman Urdu 1%
79%
Pakistan Urdu 7%
79%
Qatar Urdu 6%
79%
Saudi Arabia Urdu 1%
79%
United Kingdom Urdu 1%
79%
Mongolia Mongolian 93%
78%
Australia Yue Chinese 1%
78%
Brunei Yue Chinese 2%
78%
Canada Yue Chinese 2%
78%
China Yue Chinese 5%
78%
Honduras Yue Chinese <1%
78%
Malaysia Yue Chinese 5%
78%
New Zealand Yue Chinese 1%
78%
Singapore Yue Chinese 4%
78%
Suriname Yue Chinese 1%
78%
Vietnam Yue Chinese 1%
78%
Equatorial Guinea Benga <1%
77%
Andorra Catalan 36%
77%
Argentina Catalan <1%
77%
Cuba Catalan <1%
77%
Spain Catalan 8%
77%
Afghanistan Turkmen 5%
77%
Belarus Turkmen <1%
77%
Iraq Turkmen 1%
77%
Syria Turkmen 1%
77%
Tajikistan Turkmen <1%
77%
Turkmenistan Turkmen 72%
77%
Democratic Republic of the Congo Congo Swahili 2%
76%
Montenegro Macedonian <1%
76%
North Macedonia Macedonian 66%
76%
Slovenia Macedonian <1%
76%
Burundi Swahili <1%
76%
Rwanda Swahili <1%
76%
Somalia Swahili 2%
76%
Tanzania Swahili 31%
76%
Albania Macedonian <1%
75%
Ghana Ga 3%
74%
Kyrgyzstan Kyrgyz 71%
73%
Tajikistan Kyrgyz 1%
73%
Uzbekistan Kyrgyz 1%
73%
Thailand Burmese 1%
72%
Taiwan Indonesian 1%
72%
Laos 2%
72%
Djibouti Somali 69%
72%
Ethiopia Somali 6%
72%
Finland Somali <1%
72%
Kenya Somali 6%
72%
Malta Somali <1%
72%
Norway Somali 1%
72%
Somalia Somali 71%
72%
Yemen Somali 1%
72%
Botswana Afrikaans <1%
71%
Eswatini Afrikaans 1%
71%
Lesotho Afrikaans <1%
71%
Namibia Afrikaans 8%
71%
South Africa Afrikaans 11%
71%
Myanmar Burmese 66%
71%
Indonesia Indonesian 20%
71%
Kuwait Indonesian 1%
71%
Suriname Indonesian 1%
71%
Malta Maltese 71%
71%
Tunisia Maltese <1%
71%
Eswatini Zulu 8%
70%
Lesotho Zulu 3%
70%
South Africa Zulu 24%
70%
Bhutan Dzongkha 32%
68%
India Tamil 6%
68%
Malaysia Tamil 4%
68%
Maldives Tamil <1%
68%
Mauritius Tamil <1%
68%
Seychelles Tamil 1%
68%
Singapore Tamil 3%
68%
Sri Lanka Tamil 17%
68%
Pakistan Central Pashto 4%
66%
Fiji Fijian 50%
66%
Marshall Islands Fijian <1%
66%
Nauru Fijian <1%
66%
Bahamas Haitian Creole 6%
66%
Cuba Haitian Creole 3%
66%
Dominica Haitian Creole <1%
66%
Dominican Republic Haitian Creole 2%
66%
Haiti Haitian Creole 99%
66%
Luxembourg Luxembourgish 49%
66%
Afghanistan Northern Pashto 6%
66%
Chile Northern Pashto <1%
66%
Pakistan Northern Pashto 11%
66%
United Arab Emirates Northern Pashto 4%
66%
Afghanistan Southern Pashto 23%
66%
Pakistan Southern Pashto 3%
66%
Fiji Western Fijian 9%
66%
New Zealand Samoan 2%
65%
Samoa Samoan 90%
65%
Tuvalu Samoan <1%
65%
Zambia Tonga 10%
64%
Zimbabwe Tonga 2%
64%
Iraq Central Kurdish 11%
63%
Armenia Kurdish 1%
63%
Iran Kurdish 7%
63%
Bahrain Northern Kurdish 3%
63%
Denmark Northern Kurdish <1%
63%
Finland Northern Kurdish <1%
63%
Georgia Northern Kurdish 1%
63%
Iraq Northern Kurdish 9%
63%
Lebanon Northern Kurdish 5%
63%
Sweden Northern Kurdish 1%
63%
Syria Northern Kurdish 8%
63%
Turkey Northern Kurdish 12%
63%
Malawi Tonga 2%
63%
New Zealand Tongan 1%
63%
Tonga Tongan 98%
63%
Australia Eastern Punjabi 1%
62%
Canada Eastern Punjabi 2%
62%
United Kingdom Eastern Punjabi 1%
62%
Libya Western Punjabi 1%
62%
Pakistan Western Punjabi 39%
62%
Angola Kikongo 14%
61%
Democratic Republic of the Congo Koongo 11%
61%
Bosnia and Herzegovina Montenegrin <1%
61%
Kosovo Montenegrin 1%
61%
Montenegro Montenegrin 36%
61%
Ivory Coast Wè Southern 2%
61%
Djibouti Amharic <1%
60%
Ethiopia Amharic 29%
60%
Kuwait Amharic 3%
60%
Belarus Chinese <1%
60%
Belize Chinese 1%
60%
Chile Chinese <1%
60%
Costa Rica Chinese <1%
60%
Cuba Chinese <1%
60%
Dominican Republic Chinese <1%
60%
El Salvador Chinese <1%
60%
Fiji Chinese 1%
60%
Finland Chinese <1%
60%
Guyana Chinese <1%
60%
Hungary Chinese <1%
60%
Jamaica Chinese 1%
60%
Japan Chinese <1%
60%
Lesotho Chinese <1%
60%
Marshall Islands Chinese <1%
60%
Mauritius Chinese <1%
60%
Nauru Chinese 2%
60%
Nicaragua Chinese <1%
60%
North Korea Chinese <1%
60%
Palau Chinese 1%
60%
Panama Chinese 1%
60%
Seychelles Chinese <1%
60%
Spain Chinese <1%
60%
Tonga Chinese 2%
60%
Trinidad and Tobago Chinese <1%
60%
United States Chinese 1%
60%
Venezuela Chinese 1%
60%
New Zealand Maori 1%
60%
Lesotho Xhosa 1%
59%
South Africa Xhosa 16%
59%
Peru Ayacucho Quechua 3%
58%
Chile Basque <1%
58%
Costa Rica Basque <1%
58%
Spain Basque 1%
58%
Uruguay Basque <1%
58%
Ecuador Calderón Highland Quichua <1%
58%
Ecuador Cañar Highland Quichua <1%
58%
Ecuador Chimborazo Highland Quichua 3%
58%
Peru Cusco Quechua 7%
58%
Peru Eastern Apurímac Quechua 1%
58%
Peru Huaylas Ancash Quechua 1%
58%
Peru Huaylla Wanca Quechua 1%
58%
Ecuador Imbabura Highland Quichua 1%
58%
Colombia Inga <1%
58%
Colombia Jungle Inga <1%
58%
Fiji Kiribati 1%
58%
Kiribati Kiribati 97%
58%
Marshall Islands Kiribati 1%
58%
Nauru Kiribati 2%
58%
Tuvalu Kiribati 1%
58%
Ecuador Loja Highland Quichua <1%
58%
Bolivia North Bolivian Quechua 2%
58%
Peru Northern Conchucos Quechua 1%
58%
Peru Puno Quechua 2%
58%
Argentina Santiago del Estero Quichua <1%
58%
Bolivia South Bolivian Quechua 15%
58%
Peru Southern Conchucos Quechua 1%
58%
Ecuador Tena Lowland Quichua <1%
58%
United Kingdom Welsh 1%
58%
China Wu Chinese 6%
57%
Nigeria Igbo 13%
55%
Indonesia Javanese 33%
55%
Singapore Javanese 1%
55%
Nauru Nauruan 93%
55%
Italy Sicilian 8%
55%
Suriname Suriname Javanese 6%
55%
Madagascar Bara Malagasy 3%
53%
Kiribati Tuvaluan <1%
53%
Marshall Islands Tuvaluan <1%
53%
Nauru Tuvaluan 1%
53%
Tuvalu Tuvaluan 99%
53%
Burundi Kinyarwanda <1%
52%
Rwanda Kinyarwanda 95%
52%
Uganda Kinyarwanda 3%
52%
Madagascar Merina Malagasy 33%
52%
Mauritius Merina Malagasy <1%
52%
Madagascar Northern Betsimisaraka Malagasy 6%
52%
Palau Palauan 65%
52%
Madagascar Sakalava Malagasy 5%
52%
Madagascar Southern Betsimisaraka Malagasy 9%
52%
Madagascar Tandroy-Mahafaly Malagasy 6%
52%
Madagascar Tanosy Malagasy 3%
52%
Madagascar Tesaka Malagasy 5%
52%
Madagascar Tsimihety Malagasy 7%
52%
Belgium West Flemish 10%
52%
Bahamas Bahamas English Creole 88%
51%
Comoros Malagasy <1%
51%
Madagascar Masikoro Malagasy 2%
51%
Mauritius Morisyen 85%
51%
Eswatini Swati 86%
51%
Lesotho Swati 2%
51%
South Africa Swati 3%
51%
Nigeria Yoruba 17%
51%
Costa Rica Jamaican English Creole 1%
50%
Cuba Jamaican English Creole <1%
50%
Dominican Republic Jamaican English Creole <1%
50%
Jamaica Jamaican English Creole 97%
50%
Panama Jamaican English Creole 9%
50%
Maldives Maldivian 98%
50%
Marshall Islands Marshallese 95%
50%
Togo Gen 5%
49%
South Africa Northern Sotho 10%
49%
Eswatini Southern Sotho <1%
49%
Lesotho Southern Sotho 98%
49%
South Africa Southern Sotho 8%
49%
Austria Bavarian 96%
46%
Germany Bavarian 7%
46%
Bahrain Gujarati 2%
46%
India Gujarati 5%
46%
Maldives Gujarati <1%
46%
Seychelles Gujarati 2%
46%
Sri Lanka Gujarati <1%
46%
Azerbaijan Tatar <1%
46%
Kazakhstan Tatar 1%
46%
Kyrgyzstan Tatar <1%
46%
Latvia Tatar <1%
46%
Romania Tatar <1%
46%
Russia Tatar 3%
46%
Turkmenistan Tatar 1%
46%
Uzbekistan Tatar 1%
46%
Italy Campidanese Sardinian 1%
45%
Dominica Lesser Antillean French Creole 93%
45%
Grenada Lesser Antillean French Creole 2%
45%
Saint Lucia Lesser Antillean French Creole 99%
45%
Trinidad and Tobago Lesser Antillean French Creole <1%
45%
Italy Logudorese Sardinian 1%
45%
Botswana Setswana 77%
45%
South Africa Setswana 8%
45%
Seychelles Seychelles French Creole 85%
45%
Botswana Tshuwau 2%
45%
Mozambique Tswa 4%
45%
Portugal Galician <1%
44%
Spain Galician 5%
44%
Uruguay Galician 1%
44%
Azerbaijan Muslim Tat <1%
44%
Cyprus Sinhala 1%
44%
Maldives Sinhala 1%
44%
Qatar Sinhala 2%
44%
Sri Lanka Sinhala 69%
44%
Bolivia Eastern Bolivian Guaraní <1%
43%
Somalia Maay 16%
43%
Paraguay Mbyá Guaraní <1%
43%
Argentina Paraguayan Guaraní <1%
43%
Paraguay Paraguayan Guaraní 80%
43%
Barbados Bajan 98%
42%
Israel Eastern Yiddish 2%
41%
Moldova Eastern Yiddish <1%
41%
India Marathi 7%
41%
Norway North Saami <1%
41%
Netherlands Frisian 3%
40%
Niger Hausa 48%
40%
Nigeria Hausa 32%
40%
Laos Western Bru 1%
40%
China Xiang Chinese 3%
40%
Jordan Chechen <1%
39%
Russia Chechen 1%
39%
China Uyghur 1%
39%
Kazakhstan Uyghur 1%
39%
Kyrgyzstan Uyghur 1%
39%
Mongolia Uyghur <1%
39%
Mauritius Telugu <1%
38%
Brazil Venetian 2%
38%
Italy Venetian 7%
38%
Guyana Guyanese Creole 93%
37%
Suriname Guyanese Creole 6%
37%
Antigua and Barbuda Leeward Caribbean English Creole 87%
37%
Dominica Leeward Caribbean English Creole <1%
37%
Saint Kitts and Nevis Leeward Caribbean English Creole 98%
37%
India Telugu 7%
37%
Sri Lanka Telugu 1%
37%
United Arab Emirates Telugu 5%
37%
Brunei Brunei 84%
36%
Grenada Grenadian English Creole 97%
36%
Belize Yucatec Maya 1%
36%
Mexico Yucatec Maya 1%
36%
Somalia Borana-Arsi-Guji Oromo <1%
35%
Ethiopia Oromo 34%
35%
Georgia Ossetic 1%
35%
Syria Ossetic <1%
35%
Belize Mopán Maya 3%
34%
Belgium Walloon 6%
34%
Cape Verde Kabuverdianu 97%
33%
Portugal Kabuverdianu 1%
33%
São Tomé and Príncipe Kabuverdianu 8%
33%
Djibouti Tigrigna <1%
33%
Eritrea Tigrigna 53%
33%
Ethiopia Tigrigna 6%
33%
India Kannada 4%
32%
Comoros Mwali Comorian 6%
32%
Italy Napoletano 10%
32%
Comoros Ndzwani Comorian 46%
32%
Comoros Ngazidja Comorian 53%
32%
Monaco Occitan 1%
32%
Trinidad and Tobago Trinidadian English Creole 72%
32%
Georgia Abkhaz 3%
31%
Indonesia Bali 2%
31%
Bolivia Central Aymara 10%
31%
Chile Central Aymara <1%
31%
Peru Central Aymara 2%
31%
Papua New Guinea Tok Pisin 2%
31%
Italy Lombard 6%
30%
Switzerland Lombard 1%
30%
Bahrain Malayalam <1%
30%
India Malayalam 3%
30%
Maldives Malayalam <1%
30%
Oman Malayalam 4%
30%
Qatar Malayalam 3%
30%
Sri Lanka Malayalam 3%
30%
United Arab Emirates Malayalam 11%
30%
Burundi Rundi 98%
30%
Rwanda Rundi 4%
30%
Gambia Gambian Wolof 15%
29%
China Min Bei Chinese 1%
29%
Brunei Min Dong Chinese 2%
29%
Malaysia Min Dong Chinese 1%
29%
Singapore Min Dong Chinese 1%
29%
Brunei Min Nan Chinese 4%
29%
China Min Nan Chinese 2%
29%
Malaysia Min Nan Chinese 12%
29%
Singapore Min Nan Chinese 11%
29%
Taiwan Min Nan Chinese 66%
29%
Indonesia Sunda 15%
29%
Mauritania Wolof <1%
29%
Senegal Wolof 36%
29%
China Hakka Chinese 3%
28%
Malaysia Hakka Chinese 5%
28%
Singapore Hakka Chinese 5%
28%
Suriname Hakka Chinese 1%
28%
Taiwan Hakka Chinese 11%
28%
Pakistan Eastern Balochi 1%
27%
Belize Sindhi <1%
27%
Pakistan Sindhi 15%
27%
Oman Southern Balochi 5%
27%
Qatar Southern Balochi 2%
27%
United Arab Emirates Southern Balochi 4%
27%
Afghanistan Western Balochi 1%
27%
Turkmenistan Western Balochi 1%
27%
Cameroon Adamawa Fulfulde 7%
26%
Chad Adamawa Fulfulde 2%
26%
Central African Republic Bagirmi Fulfulde 5%
26%
Benin Borgu Fulfulde 9%
26%
Philippines Cebuano 24%
26%
Niger Central-Eastern Niger Fulfulde 4%
26%
Nigeria Fulah 1%
26%
Ivory Coast Maasina Fulfulde 2%
26%
Mali Maasina Fulfulde 6%
26%
Burkina Faso Western Niger Fulfulde 7%
26%
Niger Western Niger Fulfulde 3%
26%
Cameroon Basaa 2%
24%
Italy Ligurian 1%
24%
Monaco Ligurian 3%
24%
Poland Silesian 1%
24%
Djibouti Afar 21%
23%
Eritrea Afar 8%
23%
Ethiopia Afar 2%
23%
Bhutan Assamese 4%
23%
Denmark Faroese <1%
23%
Zambia Lala-Bisa 3%
23%
Brazil Low Saxon <1%
23%
Botswana Ndebele 1%
23%
Zimbabwe Ndebele 12%
23%
Burkina Faso Bisa 3%
22%
Kyrgyzstan Crimean Tatar 1%
22%
Moldova Crimean Tatar <1%
22%
Romania Crimean Tatar <1%
22%
Ukraine Crimean Tatar <1%
22%
Uzbekistan Crimean Tatar 1%
22%
Solomon Islands Pijin 6%
22%
São Tomé and Príncipe Principese <1%
22%
Zimbabwe Shona 52%
22%
Democratic Republic of the Congo Lingala 4%
21%
Republic of the Congo Lingala 4%
21%
Suriname Sarnami Hindustani 13%
21%
Trinidad and Tobago Sarnami Hindustani 1%
21%
Botswana Shona 2%
21%
Armenia Assyrian Neo-Aramaic <1%
20%
Syria Assyrian Neo-Aramaic 1%
20%
Japan Central Okinawan 1%
20%
Japan Kunigami <1%
20%
Republic of the Congo Laari 3%
20%
Myanmar Shan 7%
20%
Eritrea Tigré 22%
20%
Germany Upper Saxon 2%
20%
Sudan Ama <1%
19%
Russia Bashkort 1%
19%
Belize Belize English Creole 37%
19%
Mexico Central Huasteca Nahuatl <1%
19%
Mexico Eastern Huasteca Nahuatl <1%
19%
Poland Kashubian <1%
19%
El Salvador Nahuatl <1%
19%
Italy Piedmontese 1%
19%
Mexico Western Huasteca Nahuatl <1%
19%
São Tomé and Príncipe Angolar 7%
18%
Bulgaria Gagauz <1%
18%
Moldova Gagauz 11%
18%
Ukraine Gagauz <1%
18%
Belgium Limburgish 6%
18%
Netherlands Limburgish 4%
18%
Slovakia Rusyn 1%
18%
East Timor Tetun 6%
18%
East Timor Tetun Dili 31%
18%
Eswatini Tsonga 2%
18%
Mozambique Tsonga 11%
18%
South Africa Tsonga 5%
18%
Zimbabwe Tsonga 1%
18%
Jordan Adyghe 1%
17%
Mali Bamanankan 24%
17%
Mauritania Bamanankan <1%
17%
Eswatini Chichewa 1%
17%
Malawi Chichewa 45%
17%
Zambia Chichewa 17%
17%
Zimbabwe Chichewa 3%
17%
China Gan Chinese 2%
17%
Solomon Islands Sa'a 3%
17%
Laos Akha 2%
16%
Morocco Central Atlas Tamazight 13%
16%
Russia Chuvash 1%
16%
South Africa Venda 3%
16%
Albania Aromanian <1%
15%
Bulgaria Aromanian <1%
15%
Greece Aromanian <1%
15%
North Macedonia Aromanian <1%
15%
Romania Aromanian <1%
15%
Egypt Bedawiyet 1%
15%
Eritrea Bedawiyet 3%
15%
Sudan Bedawiyet 5%
15%
Vanuatu Bislama 4%
15%
Guyana Carib <1%
15%
Jordan Kabardian 1%
15%
Russia Kabardian <1%
15%
Turkey Kabardian 1%
15%
Gambia Krio <1%
15%
Sierra Leone Krio 10%
15%
Myanmar Pwo Eastern Karen 2%
15%
Myanmar S'gaw Karen 4%
15%
Thailand S'gaw Karen <1%
15%
Ghana Akan 34%
14%
Suriname Aukan 4%
14%
India Bhojpuri 4%
14%
Mauritius Bhojpuri 5%
14%
Nepal Bhojpuri 6%
14%
Uganda Ganda 15%
14%
Mongolia Kalmyk-Oirat 6%
14%
Burkina Faso Moore 41%
14%
Ivory Coast Moore 6%
14%
Central African Republic Sango 10%
14%
Trinidad and Tobago Tobagonian English Creole 22%
14%
Somalia Tunni <1%
14%
Portugal Mirandese <1%
13%
Mongolia Tuvan 1%
13%
Azerbaijan Avar 1%
12%
Russia Avar <1%
12%
Sudan Fur 24%
12%
China Jinyu Chinese 3%
12%
Algeria Kabyle 13%
12%
France Kabyle 1%
12%
Gambia Mandinka 32%
12%
Guinea-Bissau Mandinka 10%
12%
Senegal Mandinka 6%
12%
Chile Mapudungun 1%
12%
Mongolia Mongolian Buriat 2%
12%
Saint Vincent and the Grenadines Vincentian English Creole 98%
12%
Ghana Éwé 14%
11%
Uzbekistan Karakalpak 2%
11%
Bangladesh Rohingya 1%
11%
Myanmar Rohingya 1%
11%
Saudi Arabia Rohingya 2%
11%
Marshall Islands Chuukese 1%
10%
Micronesia Chuukese 49%
10%
Togo Éwé 22%
10%
Equatorial Guinea Fang 79%
10%
Gabon Fang 38%
10%
São Tomé and Príncipe Fang 6%
10%
Latvia Latgalian 9%
10%
Nepal Maithili 15%
10%
South Sudan Northeastern Dinka 6%
10%
France Picard 1%
10%
South Sudan South Central Dinka 5%
10%
South Sudan Southeastern Dinka 5%
10%
South Sudan Southwestern Dinka 9%
10%
Bangladesh Chittagonian 9%
9%
Germany Eastern Franconian 6%
9%
Spain Extremaduran 1%
9%
Kenya Gikuyu 17%
9%
Philippines Ilocano 7%
9%
Egypt Nobiin <1%
9%
Sudan Nobiin 1%
9%
Belgium Picard 2%
9%
Estonia Võro 5%
9%
Afghanistan Hazaragi 9%
8%
Democratic Republic of the Congo Luba-Kasai 17%
8%
Honduras Mískito 1%
8%
Nicaragua Mískito 2%
8%
South Sudan Nuer 14%
8%
Netherlands Sranan Tongo 2%
8%
Suriname Sranan Tongo 12%
8%
Bangladesh Sylheti 4%
8%
Cambodia Western Cham 1%
8%
Benin Fon 21%
7%
Democratic Republic of the Congo Luba-Katanga 4%
7%
Indonesia Madura 4%
7%
Nigeria Nigerian Pidgin 2%
7%
Iran Northern Luri 2%
7%
Iran Southern Luri 1%
7%
Micronesia Yapese 6%
7%
Guyana Arawak <1%
6%
Zambia Bemba 29%
6%
Guinea Eastern Maninkakan 27%
6%
Mali Eastern Maninkakan 2%
6%
Belize Garifuna 2%
6%
Honduras Garifuna 2%
6%
Nicaragua Garifuna <1%
6%
Saint Vincent and the Grenadines Garifuna <1%
6%
Solomon Islands Ghari 3%
6%
Benin Gun 9%
6%
Botswana Herero 1%
6%
Namibia Herero 8%
6%
Myanmar Jingpho 2%
6%
Burkina Faso Jula 4%
6%
Ivory Coast Jula 6%
6%
Mali Kita Maninkakan 2%
6%
Azerbaijan Lezgi 2%
6%
Turkmenistan Lezgi <1%
6%
Georgia Mingrelian 9%
6%
Chad Musey 2%
6%
Marshall Islands Pohnpeian <1%
6%
Micronesia Pohnpeian 26%
6%
Georgia Pontic <1%
6%
Greece Pontic 4%
6%
Bangladesh Rakhine <1%
6%
Myanmar Rakhine 2%
6%
Lithuania Samogitian 13%
6%
Pakistan Saraiki 12%
6%
Mali Western Maninkakan 3%
6%
Senegal Western Maninkakan 9%
6%
Mali Xaasongaxango 4%
6%
South Sudan Bari 8%
5%
Afghanistan Brahui 2%
5%
Pakistan Brahui 1%
5%
Algeria Hassaniyya 11%
5%
Libya Hassaniyya 1%
5%
Mauritania Hassaniyya 82%
5%
Morocco Hassaniyya 1%
5%
Senegal Hassaniyya 1%
5%
Philippines Hiligaynon 7%
5%
Namibia Khoekhoe 9%
5%
Guatemala K'iche' 8%
5%
Guatemala Mam 4%
5%
Niger Manga Kanuri 3%
5%
Iran Mazandarani 3%
5%
Angola Oshiwambo 2%
5%
Namibia Oshiwambo 45%
5%
Gambia Pulaar 18%
5%
Guinea-Bissau Pulaar 17%
5%
Guinea Pular 43%
5%
Senegal Pular 1%
5%
Bangladesh Rangpuri 7%
5%
São Tomé and Príncipe Sãotomense 36%
5%
Ethiopia Sidaama 4%
5%
Gambia Soninke 10%
5%
Mali Soninke 8%
5%
Mauritania Soninke 5%
5%
Senegal Soninke 2%
5%
Turkey Southern Zazaki 1%
5%
Guinea Susu 12%
5%
Sierra Leone Susu 2%
5%
Azerbaijan Talysh 1%
5%
Morocco Tarifit 12%
5%
Niger Tayart Tamajeq 2%
5%
Niger Tumari Kanuri <1%
5%
Angola Umbundu 26%
5%
Philippines Waray-Waray 3%
5%
Malawi Yao 12%
5%
Niger Yerwa Kanuri 1%
5%
Sudan Yerwa Kanuri 1%
5%
Benin Aja 8%
4%
Togo Aja 3%
4%
Taiwan Amis 1%
4%
Cameroon Cameroon Pidgin 5%
4%
Philippines Central Bikol 4%
4%
Papua New Guinea Enga 4%
4%
Equatorial Guinea Equatorial Guinean Pidgin 1%
4%
Armenia Erzya <1%
4%
Latvia Erzya <1%
4%
Lithuania Erzya <1%
4%
Gambia Guinea-Bissau Creole 1%
4%
Portugal Guinea-Bissau Creole <1%
4%
Guinea Guinea Kpelle 4%
4%
Brazil Hunsrik 1%
4%
Angola Kimbundu 6%
4%
Kenya Kimîîru 4%
4%
Democratic Republic of the Congo Kituba 11%
4%
Republic of the Congo Kituba 30%
4%
Micronesia Kosraean 6%
4%
Cambodia Kuay <1%
4%
Thailand Kuay 1%
4%
Liberia Liberia Kpelle 17%
4%
Kuwait Mehri 1%
4%
Oman Mehri 2%
4%
Yemen Mehri <1%
4%
Sierra Leone Mende 27%
4%
Pakistan Northern Hindko 2%
4%
Myanmar Pa'o 2%
4%
Belize Plautdietsch 3%
4%
Bolivia Plautdietsch 1%
4%
Costa Rica Plautdietsch <1%
4%
Kazakhstan Plautdietsch 1%
4%
Paraguay Plautdietsch 1%
4%
Mauritania Pulaar 6%
4%
Senegal Pulaar 24%
4%
Sierra Leone Pular 3%
4%
Belize Q'eqchi' 5%
4%
El Salvador Q'eqchi' <1%
4%
Guatemala Q'eqchi' 8%
4%
Panama San Blas Kuna 2%
4%
Bangladesh Santhali <1%
4%
Mozambique Sena 6%
4%
Gambia Serer-Sine 2%
4%
Mauritania Serer-Sine <1%
4%
Senegal Serer-Sine 9%
4%
Algeria Tachawit 5%
4%
Tunisia Tachawit <1%
4%
Morocco Tachelhit 20%
4%
Algeria Tahaggart Tamahaq <1%
4%
Mauritania Tamashek 2%
4%
Niger Tawallammat Tamajaq 4%
4%
Vietnam Tày 2%
4%
Honduras Tol <1%
4%
Guatemala Achi 1%
3%
Afghanistan Aimaq 3%
3%
Nepal Awadhi 3%
3%
Central African Republic Banda-Bambari 5%
3%
Central African Republic Banda-Banda 3%
3%
Ivory Coast Baoulé 17%
3%
Liberia Bassa 14%
3%
Equatorial Guinea Batanga 1%
3%
Papua New Guinea Benabena 1%
3%
Indonesia Bugis 2%
3%
Uganda Chiga 7%
3%
Angola Cokwe 7%
3%
Russia Dargwa <1%
3%
Nepal Eastern Tamang 4%
3%
Colombia Embera Catío <1%
3%
Mongolia Evenki <1%
3%
Iran Gilaki 3%
3%
Netherlands Gronings 2%
3%
Guinea-Bissau Guinea-Bissau Creole 13%
3%
Nigeria Ibibio 2%
3%
Philippines Kapampangan 2%
3%
Liberia Loma 6%
3%
Zambia Lunda 2%
3%
Philippines Maguindanaon 1%
3%
Mozambique Makhuwa 13%
3%
Mozambique Makhuwa-Meetto 4%
3%
Mozambique Makhuwa-Shirima 3%
3%
Malawi Malawi Sena 3%
3%
Guinea-Bissau Mansoanka 1%
3%
Indonesia Minangkabau 2%
3%
Zimbabwe Ndau 7%
3%
Nepal Newar 3%
3%
Republic of the Congo Ngbaka Ma'bo 3%
3%
Colombia Northern Emberá <1%
3%
Panama Northern Emberá 1%
3%
Guinea Northern Kissi 5%
3%
Philippines Pangasinan 1%
3%
Honduras Pech <1%
3%
Indonesia Sasak 1%
3%
Yemen Soqotri <1%
3%
Central African Republic South Central Banda 4%
3%
Afghanistan Southeast Pashai 1%
3%
Liberia Southern Kisi 4%
3%
Tanzania Sukuma 15%
3%
Togo Tem 3%
3%
Sierra Leone Themne 23%
3%
Malawi Tumbuka 8%
3%
Zambia Tumbuka 3%
3%
Algeria Tumzabt <1%
3%
Georgia Urum 2%
3%
South Sudan Zande 7%
3%
Niger Zarma 17%
3%
Ghana Abron 5%
2%
Uganda Acholi 4%
2%
Uganda Ateso 6%
2%
Benin Baatonum 9%
2%
Indonesia Banjar 2%
2%
Costa Rica Bribri <1%
2%
Brunei Brunei Bisaya 10%
2%
Equatorial Guinea Bube 6%
2%
Panama Buglere <1%
2%
Bangladesh Chakma <1%
2%
Lebanon Chaldean Neo-Aramaic 1%
2%
Algeria Chenoua <1%
2%
Mexico Chol <1%
2%
Ghana Dagbani 5%
2%
Mongolia Daur <1%
2%
Kenya Dholuo 10%
2%
Jordan Domari <1%
2%
Palestine Domari <1%
2%
Netherlands Drents 1%
2%
Nepal Eastern Magar 2%
2%
Nigeria Efik 2%
2%
Tanzania Gogo 2%
2%
Burkina Faso Gourmanchéma 5%
2%
Togo Gourmanchéma 3%
2%
Ivory Coast Guro 2%
2%
Ethiopia Hadiyya 2%
2%
Tanzania Haya 4%
2%
Mexico Huastec <1%
2%
Brunei Iban 5%
2%
Malaysia Iban 2%
2%
Guatemala Ixil 1%
2%
Cambodia Jarai <1%
2%
Gambia Jola-Fonyi 4%
2%
Mauritania Jola-Fonyi <1%
2%
Senegal Jola-Fonyi 2%
2%
Namibia Ju⏐'hoansi 2%
2%
Togo Kabiyè 14%
2%
Botswana Kalanga 7%
2%
Zimbabwe Kalanga 1%
2%
Kenya Kamba 10%
2%
Guatemala Kaqchikel 3%
2%
Laos Khmu 10%
2%
Eritrea Kunama 4%
2%
Iran Laki 1%
2%
Sierra Leone Loko 2%
2%
Mozambique Lomwe 7%
2%
Zambia Lozi 5%
2%
Uganda Lugbara 3%
2%
Chad Maba 3%
2%
Tanzania Makonde 3%
2%
Malawi Malawi Lomwe 16%
2%
Sudan Masalit 1%
2%
Kenya Nandi 2%
2%
Colombia Nasa <1%
2%
Costa Rica Ngäbere <1%
2%
Panama Ngäbere 6%
2%
Chad Ngambay 10%
2%
Nicaragua Nicaragua Creole English <1%
2%
Tonga Niuafo'ou <1%
2%
Burkina Faso Northern Dagara 2%
2%
Namibia Northwestern !Kung 3%
2%
Vietnam Nung 1%
2%
Angola Nyaneka 3%
2%
Rwanda Nyankore <1%
2%
Uganda Nyankore 9%
2%
Bangladesh Oraon Sadri <1%
2%
Guatemala Poqomchi' 1%
2%
Guatemala Q'anjob'al 1%
2%
Fiji Rotuman 1%
2%
Eritrea Saho 4%
2%
Ethiopia Sebat Bet Gurage 2%
2%
Tajikistan Shughni <1%
2%
Uganda Soga 8%
2%
Ghana Southern Dagaare 4%
2%
Benin Southern Nago 5%
2%
Philippines Tausug 1%
2%
Gabon Teke-Tsaayi 5%
2%
Republic of the Congo Teke-Tsaayi 3%
2%
Panama Teribe <1%
2%
Palau Tobian 1%
2%
Guinea Toma 2%
2%
Kenya Turkana 3%
2%
Netherlands Twents 1%
2%
Mexico Tzotzil <1%
2%
Guatemala Tz'utujil 1%
2%
Tajikistan Wakhi <1%
2%
Colombia Wayuu <1%
2%
Venezuela Wayuu 1%
2%
Sierra Leone West-Central Limba 6%
2%
Ethiopia Wolaytta 2%
2%
Micronesia Woleaian 3%
2%
Tajikistan Yagnobi <1%
2%
Venezuela Yanomamö <1%
2%
Sudan Zaghawa 1%
2%
Mauritania Zenaga <1%
2%
Ecuador Achuar-Shiwiar <1%
1%
Guyana Akawaio 1%
1%
Ivory Coast Anyin 5%
1%
Taiwan Atayal <1%
1%
Iran Bakhtiâri 1%
1%
Gambia Balanta 1%
1%
Guinea-Bissau Balanta 20%
1%
Cameroon Bamun 2%
1%
Liberia Bandi 3%
1%
Republic of the Congo Bangi 2%
1%
Bhutan Bantawa 3%
1%
Republic of the Congo Beembe 3%
1%
Argentina Bermejo Wichí <1%
1%
Sudan Berta 1%
1%
Guinea-Bissau Biafada 3%
1%
Eritrea Bilen 2%
1%
Cambodia Brao <1%
1%
Cameroon Bulu 5%
1%
East Timor Bunak 5%
1%
Costa Rica Cabécar <1%
1%
Brazil Caló <1%
1%
Ivory Coast Cebaara Sénoufo 4%
1%
Somalia Dabarre <1%
1%
Eritrea Dahalik <1%
1%
Ghana Dangme 4%
1%
Chad Dazaga 4%
1%
Niger Dazaga <1%
1%
Benin Dendi 3%
1%
Nepal Dotyali 2%
1%
Kazakhstan Dungan <1%
1%
Kyrgyzstan Dungan 1%
1%
Bhutan Dzalakha 3%
1%
Kenya Ekegusii 6%
1%
Paraguay Enlhet <1%
1%
Cameroon Ewondo 6%
1%
Equatorial Guinea Fa d'Ambu 1%
1%
Ghana Farefare 3%
1%
Ethiopia Gamo 1%
1%
Somalia Garre <1%
1%
Central African Republic Gbaya-Bossangoa 5%
1%
Tunisia Ghadamès <1%
1%
Morocco Ghomara <1%
1%
Liberia Gola 3%
1%
Papua New Guinea Golin 1%
1%
Colombia Guahibo <1%
1%
Venezuela Guahibo <1%
1%
Bolivia Guarayu <1%
1%
Tanzania Hehe 2%
1%
Papua New Guinea Huli 2%
1%
Nigeria Igala 1%
1%
Colombia Islander English Creole <1%
1%
Vietnam Iu Mien <1%
1%
Chad Kanembu 5%
1%
Micronesia Kapingamarangi 1%
1%
Botswana Kgalagadi 3%
1%
Bhutan Khengkha 8%
1%
Kenya Kipsigis 5%
1%
Guinea Kono 1%
1%
Sierra Leone Kono 4%
1%
Papua New Guinea Kuanua 1%
1%
Zimbabwe Kunda 1%
1%
Guinea Kuranko 1%
1%
Sierra Leone Kuranko 5%
1%
Ghana Kusaal 2%
1%
Solomon Islands Kwaio 3%
1%
Namibia Kwangali 5%
1%
Togo Lama 3%
1%
Malawi Lambya <1%
1%
Uganda Lango 6%
1%
Fiji Lauan 2%
1%
Burkina Faso Lobi 1%
1%
Angola Luvale 1%
1%
Guyana Macushi <1%
1%
East Timor Makasae 11%
1%
East Timor Mambae 17%
1%
Central African Republic Mandja 6%
1%
Gambia Mandjak 1%
1%
Guinea-Bissau Mandjak 12%
1%
Zimbabwe Manyika 3%
1%
Chad Marba 2%
1%
Uganda Masaaba 5%
1%
Honduras Mayangna <1%
1%
Nicaragua Mayangna <1%
1%
Gabon Mbere 4%
1%
Botswana Mbukushu 2%
1%
Finland Meänkieli 1%
1%
Papua New Guinea Melpa 2%
1%
Colombia Misak <1%
1%
Gabon Myene 3%
1%
Chad Naba 3%
1%
Libya Nafusi 3%
1%
Tunisia Nafusi <1%
1%
Democratic Republic of the Congo Nande 2%
1%
Eritrea Nara 2%
1%
Malawi Ndali 1%
1%
Namibia Ndonga 25%
1%
Vanuatu Netvaar 6%
1%
Democratic Republic of the Congo Ngbaka 2%
1%
Paraguay Nivaclé <1%
1%
Gabon Njebi 8%
1%
Angola Nkumbi 2%
1%
Vanuatu North Efate 5%
1%
Japan Northern Amami-Oshima <1%
1%
Central African Republic Northwest Gbaya 6%
1%
Zambia Nsenga 3%
1%
Malawi Nyakyusa-Ngonde 1%
1%
Tanzania Nyakyusa-Ngonde 2%
1%
Tanzania Nyamwezi 3%
1%
Tanzania Nyaturu 2%
1%
Angola Nyemba 3%
1%
Vanuatu Paama 3%
1%
Guinea-Bissau Papel 9%
1%
Guyana Pemon <1%
1%
Venezuela Pemon <1%
1%
Cambodia Phong-Kniang <1%
1%
Venezuela Piaroa <1%
1%
Micronesia Pingelapese 2%
1%
Gabon Punu 10%
1%
Nicaragua Rama <1%
1%
Yemen Rāziḥī <1%
1%
Netherlands Sallands 1%
1%
Suriname Saramaccan 3%
1%
Morocco Senhaja Berber <1%
1%
South Sudan Shilluk 3%
1%
Ecuador Shuar <1%
1%
Gabon Sira 3%
1%
Democratic Republic of the Congo Songe 3%
1%
Palau Sonsorolese 2%
1%
Vanuatu South Efate 3%
1%
Central African Republic Southwest Gbaya 5%
1%
Algeria Tagargrent <1%
1%
Zambia Tanzania Nyiha 3%
1%
Brazil Ticuna <1%
1%
Solomon Islands To'abaita 3%
1%
Bhutan Tshangla 11%
1%
Bolivia Tsimané <1%
1%
Lebanon Turoyo 1%
1%
Brunei Tutong 5%
1%
Mexico Tzeltal <1%
1%
Micronesia Ulithian 2%
1%
Vanuatu Uripiv-Wala-Rano-Atchin 5%
1%
Liechtenstein Walser 4%
1%
Venezuela Warao <1%
1%
Vanuatu Whitesands 4%
1%
Panama Woun Meu <1%
1%
Guinea Yalunka 1%
1%
Tajikistan Yazghulami <1%
1%
Cameroon Yemba 2%
1%
Vanuatu Apma 4%
0%
Solomon Islands Areare 4%
0%
Ivory Coast Attié 2%
0%
Benin Ayizo Gbe 4%
0%
East Timor Baikeno 6%
0%
Central African Republic Bhogoto 4%
0%
Guinea-Bissau Bijagó 2%
0%
Burkina Faso Buamu 2%
0%
Kenya Bukusu 4%
0%
Bhutan Bumthangkha 3%
0%
Bolivia Chiquitano <1%
0%
Bhutan Chocangacakha 4%
0%
Mozambique Chopi 4%
0%
Mozambique Chuwabu 3%
0%
Nepal Dangaura Tharu 2%
0%
East Timor Fataluku 4%
0%
Cameroon Ghomálá’ 2%
0%
Togo Ikposo 3%
0%
Sri Lanka Indo-Portuguese <1%
0%
Equatorial Guinea Iyasa <1%
0%
Somalia Jiiddu <1%
0%
Papua New Guinea Kamano 1%
0%
East Timor Kemak 6%
0%
Bahrain Kerinci 2%
0%
Liberia Klao 7%
0%
Sudan Koalib <1%
0%
Malawi Kokola 2%
0%
Ghana Konkomba 3%
0%
Guinea Konyanka 2%
0%
Burkina Faso Koromfé 1%
0%
Gabon Kota 2%
0%
Cambodia Krung <1%
0%
Republic of the Congo Kunyi 2%
0%
Bhutan Kurtokha 2%
0%
Namibia Kwambi 2%
0%
Solomon Islands Kwara'ae 8%
0%
Equatorial Guinea Kwasio 2%
0%
Solomon Islands Lengo 3%
0%
Fiji Lomaiviti <1%
0%
Burkina Faso Lyélé 1%
0%
Mali Mamara Sénoufo 6%
0%
Zambia Mambwe-Lungu 2%
0%
Guinea-Bissau Mankanya 3%
0%
Benin Maxi Gbe 3%
0%
Republic of the Congo Mbosi 3%
0%
Cameroon Medumba 2%
0%
Togo Moba 5%
0%
Equatorial Guinea Molengue <1%
0%
Chad Mundang 2%
0%
Somalia Mushungulu <1%
0%
Fiji Namosi-Naitasiri-Serua <1%
0%
Cameroon Ngiemboon 2%
0%
Japan Oki-No-Erabu <1%
0%
Paraguay Pai Tavytera <1%
0%
Taiwan Paiwan <1%
0%
Guyana Patamona 1%
0%
Micronesia Puluwatese 2%
0%
Senegal Saafi-Saafi 2%
0%
Gabon Sangu 2%
0%
Benin Saxwe Gbe 3%
0%
Equatorial Guinea Seki 1%
0%
Iraq Shabak 1%
0%
Sierra Leone Sherbro 2%
0%
Mali Supyire Sénoufo 2%
0%
Republic of the Congo Suundi 4%
0%
Solomon Islands Talise 3%
0%
Cambodia Tampuan <1%
0%
Japan Toku-No-Shima <1%
0%
East Timor Tukudede 4%
0%
Nicaragua Ulwa <1%
0%
Nigeria Urhobo 2%
0%
Togo Waci Gbe 9%
0%
East Timor Waima’a 2%
0%
Guyana Wapishana 1%
0%
Vanuatu West Ambae 5%
0%
Papua New Guinea Yuwei 1%
0%
No matching quizzes found
Score Distribution
Percent of People with Each Score
Percentile by Number Answered
Your Score History
You have not taken this quiz